| 000 | 03489nam a2200277Ia 4500 | ||
|---|---|---|---|
| 005 | 20180724134053.0 | ||
| 008 | 130821s1718 sp fr 1 mulsd | ||
| 040 |
_aCo-BoUCM _bspa _cSandra Yazo _dSandra Yazo |
||
| 041 | 0 |
_aspa _alat |
|
| 082 | 0 | 4 |
_a291.5 _220 |
| 092 | _aE08N064 | ||
| 100 | 1 |
_aCorella, Jaime de _d1657-1699 _986284 |
|
| 242 | 0 | 0 |
_aSuma de la teología moral _cSu autor ... Fr. Jaime de Corrella ... _yspa |
| 245 | 1 | 0 |
_aSuma de la theologia moral _bParte primera [-tercera]. _cSu autor ... Fr. Jayme de Corrella ... _pSu materia, los tratados más principales de casos de conciencia ; _pSu forma, unas conferencias prácticas. |
| 250 |
_aDezimatercia impression [Decimotercera impresión], _bcorregida por el autor de innumerables erratas que se han cometido en las impresiones antecedentes |
||
| 260 |
_aMadrid (España) _bEn la imprenta de Manuel Romàn ; A costa de los herederos de Gabriel de Leon ; Por la viuda de Juan García Infançon _c1718 |
||
| 300 |
_a2 volúmenes (xxiv, 452, [44] ; [10], 448, [12] páginas) _c30 x 22 cm. |
||
| 500 | _aDetalles físicos: Encuadernación Flexible en pergamino. Tapas y lomo arrugado, roto, manchado. Guardas desprendidas y rotas. Anteportada. Portada impresa en dos tintas enmarcado en una orla decorativa y un grabado con la marca tipográfica de los editores. Dedicatoria. Aprobaciones y licencias. Privilegio real. Fe de erratas. Tasación. Índice inicial. Texto impreso en dos columnas, con varios tipos y tamaños de letra. Cenefas y remates sencillos. Mayúsculas capitales. Signaturas y reclamos. Partes divididas en parágrafos y párrafos numerados. V.1-2 con deterioro en tapa delantera, pergamino rasgado y restaurado, guarda delantera con anotación manuscrita de propiedad y otra de donación en guarda posterior. Perforaciones de insectos. V.3 Tapa con rotura en la posterior. Guarda delantera y al verso con anotación de propiedad. Ejemplar empieza a desencuadernarse | ||
| 505 | 0 | _aV.1-2: Introducción -- La conciencia ; Los pecados ; Lo voluntario ; Lo libre ; La ignorancia ; Bondad y malicia de los actos humanos ; Pecado venial y mortal ; Distinción de los pecados ; La ley: esencia, naturaleza y promulgación -- Sacramentos en general ; El bautismo: esencia, definición y división ; La confirmación: Naturaleza, ministro y sujeto ; La penitencia: Naturaleza, obligación y efectos ; La contrición: Validez del sacramento ; Integridad de la confesión ; Circunstancias de los pegados ; Precepto de la confesión ; Ministro del sacramento de la penitencia ; El sigilo de la confesión -- Tratado III noticia, censura, impugnación, y explicación de las treinta y una proposiciones condenadas por el Papa Alejandro VIII -- V.3: La eucaristía: Institución, naturaleza y necesidad ; Materia y forma de la eucaristía ; La transubstanciación ; Ministro de la eucaristía ; Disposiciones para recibirla ; efectos de la eucaristía ; Sacrificio de la misa: Naturaleza y partes esenciales; Forma como se ha de celebrar la misa ; Sacramento de la extremaunción: Naturaleza, ministro y ritos ; Sujetos y efectos ; Sacramento del orden: Institución de este sacramento ; Materia y forma ; Ministro y sujeto del sacramento ; Requisitos | |
| 506 | _aConsulta en sala | ||
| 546 | _aTexto en español antiguo y latín | ||
| 650 | 7 |
_aSacramentos _923882 |
|
| 650 | 7 |
_aTeología moral _xObras anteriores a 1800 _941481 |
|
| 690 |
_aTeología _925230 |
||
| 942 |
_cLIBRO _a4 _e1 _2LOCAL _hE08N064 |
||
| 999 |
_c72195 _d72195 |
||